Các nghiên cứu chuyên khảo về phần chung luật hình sự. t.IV /
Gorde:
| Egile nagusia: | |
|---|---|
| Formatua: | Sách giấy |
| Hizkuntza: | Vietnamese |
| Argitaratua: |
H. :
Công an Nhân dân,
2002.
|
| Gaiak: | |
| Etiketak: |
Etiketa erantsi
Etiketarik gabe, Izan zaitez lehena erregistro honi etiketa jartzen!
|
| Thư viện lưu trữ: | Thư viện Trường Đại học Đà Lạt |
|---|
| LEADER | 00813nam a2200313 4500 | ||
|---|---|---|---|
| 001 | DLU120137164 | ||
| 005 | ##20120712 | ||
| 040 | # | # | |a DLU |b vie |
| 041 | # | # | |a vie |
| 044 | # | # | |a vn |
| 082 | # | # | |a 345.001 |b LE-C |
| 100 | # | # | |a Lê Cảm, |c TSKH. |
| 245 | # | # | |a Các nghiên cứu chuyên khảo về phần chung luật hình sự. |n t.IV / |c Lê Cảm. |
| 260 | # | # | |a H. : |b Công an Nhân dân, |c 2002. |
| 300 | # | # | |a 254 tr. ; |c 19 cm. |
| 504 | # | # | |a Tài liệu tham khảo: tr.242. |
| 650 | # | # | |a Luật hình sự |z Việt Nam |x Phương pháp luận. |
| 923 | # | # | |a 01/2012LH |
| 990 | # | # | |a t.IV |
| 991 | # | # | |a SH |
| 992 | # | # | |a 22000 |
| 994 | # | # | |a KLH |
| 900 | # | # | |a True |
| 911 | # | # | |a Đào Thị Thu Huyền |
| 925 | # | # | |a G |
| 926 | # | # | |a A |
| 927 | # | # | |a SH |
| 980 | # | # | |a Thư viện Trường Đại học Đà Lạt |